《7个小野人和小猪·新成员》/ (Record no. 10041)

MARC details
000 -LEADER
fixed length control field 00375nam a22001457a 4500
001 - CONTROL NUMBER
control field 10041
003 - CONTROL NUMBER IDENTIFIER
control field FISKH
005 - DATE AND TIME OF LATEST TRANSACTION
control field 20260401101445.0
008 - FIXED-LENGTH DATA ELEMENTS--GENERAL INFORMATION
fixed length control field 260331b cb ||||| |||| 00| 0 eng d
020 ## - INTERNATIONAL STANDARD BOOK NUMBER
International Standard Book Number 9787562948926
040 ## - CATALOGING SOURCE
Original cataloging agency FISKH
Language of cataloging chi
Transcribing agency FISKH
Modifying agency FISKH
100 ## - MAIN ENTRY--PERSONAL NAME
Personal name Ellis Vivier
245 ## - TITLE STATEMENT
Title 《7个小野人和小猪·新成员》/
Statement of responsibility, etc. Ellis Vivier
942 ## - ADDED ENTRY ELEMENTS (KOHA)
Source of classification or shelving scheme Dewey Decimal Classification
Koha item type Chinese Book
Suppress in OPAC No
Holdings
Withdrawn status Lost status Source of classification or shelving scheme Damaged status Not for loan Collection Home library Current library Shelving location Date acquired Total Checkouts Full call number Barcode Date last seen Price effective from Koha item type
    Dewey Decimal Classification     Reference Footprints International School Library Network Toul Tom Poung Campus Footprints International School Library Network Toul Tom Poung Campus Librarian's Shelf TTP 03/31/2026   Ellis Vivier 2026-0421 03/31/2026 03/31/2026 Chinese Book